Impuesto sobre transmisiones patrimoniales y actos jurídicos documentados : texto refundido de la Ley texto refundido de la Ley
ISBN:
84-7016-945-9
Descripción Física:
24, [8] p. ; 24 cm
MARC
| LEADER | 00000nam a2200000Ia 4500 | ||
|---|---|---|---|
| 001 | 14772 | ||
| 008 | 160829s9999 xx 000 0 cat d | ||
| 020 | |a 84-7016-945-9 | ||
| 080 | |a FU-30-14 | ||
| 100 | |a Espanya. Lleis, etc. |9 23269 | ||
| 245 | |a Impuesto sobre transmisiones patrimoniales y actos jurídicos documentados : |b texto refundido de la Ley | ||
| 260 | |a Pamplona : |b Aranzadi, cop. 1993 | ||
| 300 | |a 24, [8] p. ; |c 24 cm | ||
| 590 | |a Real Decreto Legislativo 1/1993, de 24 de septiembre (BOE de 20 de octubre de 1993, núm. 251, RCL 1993, 2849) | ||
| 650 | |a Impostos sobre transmissió de béns |x Dret i legislació |x Espanya |9 24738 | ||
| 901 | |a Arxiu | ||
| 942 | |n 1 | ||
| 952 | |0 0 |1 0 |4 0 |6 FU3014 |7 1 |9 43295 |a Arxiu |b Arxiu |d 2016-12-01 |l 0 |o FU-30-14 |p 14772 |r 2016-12-01 00:00:00 |w 2016-12-01 |y ARXIU | ||
| 999 | |c 45840 |d 45840 | ||